00455nam a2200181 a 450000100060000000300090000600800410001502000150005604000280007108200170009910000270011624500140014325000060015726000420016330000140020565000400021965000140025911088CO-ViMGA141112s2004 ck r 000 u spa d a9581400990 aCO-ViMGAbspacCO-ViMGA a910.453 C17k1 aCastro Caicedo, German10aEl karina a2 aColombia, cEditores Colombia, c1985 a342 p. il14aACTIVIDADES SUBVERSIVAS COLOMBIANAS14aEL KARINA